000 00701nam a22002297a 4500
003 UA-OsUOA
001 54215
007 ta
008 20080529b un ||||| |||| 00| 0 ukr d
090 _a94(477). 075
_bН38
942 _cBK
040 _aUA-OsUOA
_bukr
_cUA-OsUOA
_dUA-OsUOA
245 _aНе підлягає забуттю
_bГолодомор - геноцид українського народу 1932 - 1933
300 _a297 с.
955 _a2
041 _aukr
080 _a94(477). 075
020 _a978-966-525-841-4
260 _aДніпропетровськ
_bПороги
_c2007
650 7 _a9 Географія. Біографії. Історія
_2UDC
999 _c340292
_d340292